000 00901cam a2200217 4500
001 WB3814-18
008 020418n2002 000 0 eng u
035 _a(Sirsi) u117577
245 _aTenants disadvantaged by rules on homeworking
260 _c2002
490 _aJoseph Rowntree Foundation Press Release
_v 17 April 2002, (2)
520 _aReport for Joseph Rowntree Foundation finds social landlords are excluding their tenants from the possible benefits of being able to work from home. Of 25 organisation surveyed, few gave tenants permission to work from home, though most choose to ignore this. For the press release: http://www.jrf.org.uk/pressroom/releases/170402.asp
590 _aWB
650 _aSOCIAL HOUSING
650 _aTENANTS
650 _aSOCIAL LANDLORDS
650 _aHOUSING BENEFIT
650 _aHOME WORKING
690 _aAffordable housing
_96215
942 _n0
999 _c70019
_d70019